00297nam a2200121Ia 4500008004100000041000800041082001200049100001700061245002600078260002800104300003200132365001100164240624s9999 xx 000 0 und d aeng a920 OBA aOBAMA BARACK aDREAMS FROM MY FATHER c2008aLondonbCanongate axvii, : 442 : p. : cm. ; 19 cRSb20